Kuusi lähintä maata - Etelämanner - Statistics

Yleistilastot
  • Tätä visaa on pelattu 19 kertaa
  • Keskiarvotulos 4 / 6
Vastaustilastot
km maa % Oikein
1005 Chile
92%
2518 Australia
85%
1023 Argentiina
77%
2484 Uusi-Seelanti
77%
3292 Brasilia
31%
3151 Uruguay
23%
Ehtoja vastaavia visoja ei löytynyt
Tulosjakauma
Jokaisen tuloksen saaneiden osuus
Persentiili vastausten määrän mukaan
Tuloshistoriasi
Et ole pelannut tätä visaa